| 000 | 01786nam0a22004091 4500 | ||
|---|---|---|---|
| 001 | v19\rc\1441897 | ||
| 005 | 20260406093257.0 | ||
| 035 | _a(NLR Aleph) 004584937 | ||
| 090 |
_a2579747 _c2579747 |
||
| 100 | _a20060620d1868 |||y0rusy50 ca | ||
| 101 | 0 | _arus | |
| 102 | _aRU | ||
| 105 | _ay z |||c| | ||
| 200 | 1 | _aОчерк статистики народов и государств по Кольбу, составленный В. Покровским | |
| 210 |
_aСанкт-Петербург _cтип. А.А. Краевского _d1868 |
||
| 215 |
_a[4], 204, XII с. _d25 |
||
| 311 | _aЧасть тиража вышла как прил. к журн. "Отеч. зап." 1868 г., т. 176, 177 | ||
| 316 |
_aЭкз. РНБ (1/317): приплетен к журн.... _5NLR: 1/317 |
||
| 316 |
_aЭкз. РНБ (1/317): деф.: отсутствуют с. I-XII _5NLR: 1/317 |
||
| 422 | 0 |
_12001#$aОтечественные записки$v1868, т. 176, 177 _tОтечественные записки |
|
| 482 | 0 |
_12001#$aОтечественные записки$v1868, т. 176, 177 _tОтечественные записки |
|
| 700 | 1 |
_4220 _8rus _7ca _aПокровский _bВ. И. _cэкономист _f1839-1915 _gВасилий Иванович _3RU\NLR\AUTH\7765603 _948532 |
|
| 702 | 1 |
_aКольб _bГ. Ф. _f1800-1884 _gГеорг Фридрих _4100 |
|
| 801 | 0 |
_aRU _bNLR _gpsbo |
|
| 801 | 0 |
_aRU _bRuMoRGB _2psbo |
|
| 801 | 1 |
_aRU _bProSoft-M _2rusmarc |
|
| 801 | 2 |
_aRU _bNLR _c20130306 _2rusmarc |
|
| 852 |
_aNLR _j18.60.5.7 |
||
| 852 |
_aNLR _j1/317(период.) |
||
| 899 |
_aRuMoRGB _jE 69/118 |
||
| 899 |
_aRuMoRGB _jU 192/714 |
||
| 899 |
_aRuMoRGB _jM 58/14 |
||
| 899 | _aБАН | ||
| 899 | _aГПИБ | ||
| 899 | _aНБ МГУ | ||
| 942 | _cBOOK | ||
| 980 | _aNB | ||